000 00573nam a2200181 4500
003 CO-ViMGA
020 _a9789586711401
040 _aCO-ViMGA
_bspa
_cCO-ViMGA
082 0 4 _a870
_bM66r.
100 1 _aMontt, Nahum
_96301
245 1 0 _aRetomo la palabra /
_bRelatos de violencia y reconciliación.
260 _aBogotá :
_bCERLALC,
_c2010.
300 _a188 p. :
_b24. cm.
490 _aNahum Montt
500 _aProceso de reintegración de los hombres y mujeres que intentan dejar atrás la violencia y las armas.
650 1 4 _aLiteratura latina
_96302
942 _2ddc
_cBK
999 _c37497
_d37497